Normal view
MARC view
Entry Personal Name
001 - CONTROL NUMBER
- control field: 89050
003 - CONTROL NUMBER IDENTIFIER
- control field: dpl
005 - DATE AND TIME OF LATEST TRANSACTION
- control field: 20260511124954.0
008 - FIXED-LENGTH DATA ELEMENTS
- fixed length control field: 260511|| aca||aabn | a|a d
040 ## - CATALOGING SOURCE
- Original cataloging agency: dpl
- Transcribing agency: dpl
100 ## - HEADING--PERSONAL NAME
- Personal name: Pratapaditya Pal
670 ## - SOURCE DATA FOUND
- Source citation: Work cat.: (dpl)6076: Buddhist art:, 2007
